Flow shop systémy ako nástroj výrobnej logistiky

Porovnanie riešenia špecifického sekvenčného problému – problému flow shop systému, pomocou heuristických, vybraného metaheuristického prístupu (genetického algoritmu) a exaktného prístupu založeného na matematickom programovaní.

Salvato in:
Dettagli Bibliografici
Autore principale: Brezina, Ivan, 1963-
Altri autori: Pekár, Juraj, 1972-
Natura: Capitolo di libro
Lingua:slovacco
Soggetti:
Tags: Aggiungi Tag
Nessun Tag, puoi essere il primo ad aggiungerne!!

MARC

LEADER 00000naa a2200000 4500
001 0280818
005 20240502083858.3
041 0 |a slo 
044 |a CZ 
245 1 0 |a Flow shop systémy ako nástroj výrobnej logistiky  |c Ivan Brezina, Juraj Pekár 
520 |a Porovnanie riešenia špecifického sekvenčného problému – problému flow shop systému, pomocou heuristických, vybraného metaheuristického prístupu (genetického algoritmu) a exaktného prístupu založeného na matematickom programovaní. 
610 2 0 |a heuristika 
610 2 0 |a logistika 
610 2 0 |a výroba 
610 2 0 |a obsluha výroby 
610 2 0 |a programovanie 
100 1 |a Brezina, Ivan, 1963- 
700 1 |a Pekár, Juraj, 1972-